000 00305pab a2200133 454500
008 180718b1983 xxu||||| |||| 00| 0 eng d
245 _aCapital special report
_bMany faces of Calcutta
260 _c1983
300 _a21-36
362 _a18 Apr.
650 _aCalcutta
773 _aCapital
909 _a5092
999 _c5092
_d5092